| 000 | 00844cam a2200265 4500 | ||
|---|---|---|---|
| 001 | J1827 | ||
| 008 | 090401t1993 xxu||||| |||| 00| 0 eng d | ||
| 035 | _a(Sirsi) u45640 | ||
| 041 | _aeng | ||
| 050 | _a692.9 | ||
| 100 | _aHawkins, Richard A.P. | ||
| 245 | _aInsolvency under JCT contracts. | ||
| 260 |
_aAscot, Berks. _bChartered Institute of Building _c1993 |
||
| 300 | _a10p. ; 30cm. | ||
| 350 | _a0 | ||
| 490 |
_aConstruction Papers _v24 |
||
| 650 | _aBUILT ENVIRONMENT-BUILDING CONTRACT FORMS | ||
| 650 | _aCONTRACTORS | ||
| 650 | _aBUILT ENVIRONMENT-BUILDING CONTRACT FORMS-STANDARD FORMS OF BUILDING CONTRACT-JOINT CONTRACTS TRIBNUAL CONTRACTS | ||
| 650 | _aSUBCONTRACTORS | ||
| 690 | _aBUILT ENVIRONMENT-BUILDING CONTRACT FORMS | ||
| 710 |
_aChartered Institute of Building _92134 |
||
| 942 | _n0 | ||
| 948 | _c04/03/1997 | ||
| 999 |
_c91785 _d91785 |
||